Complier design (Record no. 141411)

MARC details
000 -LEADER
fixed length control field 00357nam a2200157Ia 4500
008 - FIXED-LENGTH DATA ELEMENTS--GENERAL INFORMATION
fixed length control field 230917s9999||||xx |||||||||||||| ||und||
040 ## - CATALOGING SOURCE
-- 115165
Original cataloging agency VIVEKANANDA LIBRARY
041 ## - Language
-- English
082 ## - DDC NUMBER
Classification number 005.453 K123C
100 ## - MAIN ENTRY--PERSONAL NAME
Personal name Kakde, O G
245 #0 - TITLE STATEMENT
Title Complier design
250 ## - EDITION STATEMENT
Edition statement 4th ed.
260 ## - PUBLICATION, DISTRIBUTION, ETC. (IMPRINT)
Place of publication, distribution, etc New delhi
Name of publisher, distributor, etc Laxmi
Date of publication, distribution, etc 2007
300 ## - PHYSICAL DESCRIPTION
Pages 395 p.
942 ## - ADDED ENTRY ELEMENTS (KOHA)
Koha item type Books
Holdings
Withdrawn status Lost status Damaged status Not for loan Location (home branch) Sublocation or collection (holding branch) Shelving location Date acquired Koha issues (times borrowed) Koha full call number Accession No. Koha date last seen Koha item type
        VIVEKANANDA LIBRARY VIVEKANANDA LIBRARY UIET Library 28/04/2008   005.453 K123C 247425 17/09/2023 Books
        VIVEKANANDA LIBRARY VIVEKANANDA LIBRARY UIET Library 28/04/2008 1 005.453 K123C 247426 19/04/2024 Books
        VIVEKANANDA LIBRARY VIVEKANANDA LIBRARY UIET Library 28/04/2008   005.453 K123C 247427 17/09/2023 Books
        VIVEKANANDA LIBRARY VIVEKANANDA LIBRARY UIET Library 28/04/2008   005.453 K123C 247428 17/09/2023 Books
        VIVEKANANDA LIBRARY VIVEKANANDA LIBRARY UIET Library 28/04/2008 2 005.453 K123C 247429 12/04/2024 Books
        VIVEKANANDA LIBRARY VIVEKANANDA LIBRARY UIET Library 28/04/2008   005.453 K123C 247430 17/09/2023 Books
        VIVEKANANDA LIBRARY VIVEKANANDA LIBRARY UIET Library 28/04/2008   005.453 K123C 247431 17/09/2023 Books
        VIVEKANANDA LIBRARY VIVEKANANDA LIBRARY UIET Library 28/04/2008   005.453 K123C 247432 17/09/2023 Books
        VIVEKANANDA LIBRARY VIVEKANANDA LIBRARY UIET Library 28/04/2008   005.453 K123C 247433 17/09/2023 Books
        VIVEKANANDA LIBRARY VIVEKANANDA LIBRARY UIET Library 28/04/2008   005.453 K123C 247434 17/09/2023 Books
        VIVEKANANDA LIBRARY VIVEKANANDA LIBRARY UIET Library 28/04/2008   005.453 K123C 247435 17/09/2023 Books
        VIVEKANANDA LIBRARY VIVEKANANDA LIBRARY UIET Library 28/04/2008   005.453 K123C 247436 17/09/2023 Books
        VIVEKANANDA LIBRARY VIVEKANANDA LIBRARY UIET Library 28/04/2008 2 005.453 K123C 247437 28/04/2025 Books
        VIVEKANANDA LIBRARY VIVEKANANDA LIBRARY UIET Library 28/04/2008 1 005.453 K123C 247438 09/05/2024 Books
        VIVEKANANDA LIBRARY VIVEKANANDA LIBRARY UIET Library 28/04/2008   005.453 K123C 247439 17/09/2023 Books
        VIVEKANANDA LIBRARY VIVEKANANDA LIBRARY UIET Library 28/04/2008 1 005.453 K123C 286376 17/04/2026 Books
        VIVEKANANDA LIBRARY VIVEKANANDA LIBRARY UIET Library 28/04/2008 3 005.453 K123C 286377 19/12/2024 Books
        VIVEKANANDA LIBRARY VIVEKANANDA LIBRARY UIET Library 28/04/2008 1 005.453 K123C 286378 10/01/2024 Books
© Designed and Maintained by Vivekananda Library, MDU Rohtak